| 000 | 00000nam##2200000za#4500 |
| 001 | 9.577341 |
| 003 | CaOODSP |
| 005 | 20210624185551 |
| 007 | cr ||||||||||| |
| 008 | 150406|1999||||xxc|||||o f|0| 0 eng|d |
| 040 | |aCaOODSP|beng |
| 043 | |an-cn--- |
| 086 | 1 |aFs97-13/1048E-PDF |
| 110 | 1 |aCanada. |bDepartment of Fisheries and Oceans. |
| 245 | 10|aCruise details and biological information from the Pacific Ocean Perch Larval Survey R/V W.E. Ricker, July 14-18, 1996 / |h[electronic resource]|cby A.M. Comthwaite, B.M. Leaman, and R.D. Stanley. |
| 260 | |aNanaimo - British Columbia : |bFisheries and Oceans Canada |c1999. |
| 300 | |a26p.|bfigs., references, tables |
| 490 | 1 |aCanadian data report of fisheries and aquatic sciences|vNo. 1048 |
| 500 | |aOn t.p.: Pacific Biological Station, Nanaimo, British Columbia. The catalogue number and ISSN for the print edition appear in the PDF version. |
| 546 | |a(Résumé en français) |
| 590 | |a13-21-Supp|b2013-09-16 |
| 720 | 1 |aStanley, R. D. |
| 720 | 1 |aLeaman, B. M. |
| 720 | 1 |aComthwaite, A. M. |
| 830 | #0|aCanadian data report of fisheries and aquatic sciences ;|vNo. 1048|w(CaOODSP)9.505124 |
| 856 | 40|ahttp://publications.gc.ca|qPDF|s7098 KB|uhttps://publications.gc.ca/collections/collection_2013/mpo-dfo/Fs97-13-1048-eng.pdf|yNo. 1048 |